| 000 | 00786nam a2200205 i 4500 | ||
|---|---|---|---|
| 001 | 110417 | ||
| 003 | ES-MaACL | ||
| 005 | 20230906185040.0 | ||
| 007 | t| | ||
| 008 | 061121s1978 sp r ||||1| spa d | ||
| 245 | 0 | 0 |
_aOdontología práctica / _cdirigida por David Haunfelder, Lorenz Hupfauf, Werner Ketterl. |
| 260 |
_aMadrid ; Bilbao : _bAlhambra ; El Noticiero Bilbaíno, _c1978. |
||
| 300 |
_a4 v. : _bil. ; _c27 cm. |
||
| 505 | 8 | _aContiene: 1. Odontología restauradora -- 2. Patología médica quirúrgica bucofacial -- 3. Prótesis odontológica -- 4. Ortodoncia. Radiología | |
| 650 | 0 | 4 |
_aOdontología. _915690 |
| 700 | 1 |
_aHaunfelder, David. _962091 |
|
| 700 | 1 |
_aHupfauf, Lorenz. _964755 |
|
| 700 | 1 |
_aKetterl, Werner. _967965 |
|
| 852 |
_aES-MaACL _jA-8354-7 _bR.97812 |
||
| 999 |
_c110417 _d110417 |
||